000 01005nam a2200241Ia 4500
001 16946
003 GE_BSU
008 181216s||||||||xx |||||||||||||| ||und||
040 _cGE_BSU
080 _a821.353.1(092ბარათაშვილი, ნ.) + 94(479.22)"18
100 _aსურგულაძე, აკაკი
245 _aნიკოლოზ ბარათაშვილის ეპოქა
245 _bისტორიული ნარკვევი
245 _cრედ. დ. გოგოხია
260 _aთბილისი
260 _bსაბჭ. საქართველო
260 _c1968
300 _a407გვ. ; 20სმ..
653 _aბარათაშვილი ნიკოლოზ; საქართველოს ისტორია, XIXს
653 _aისტორიული ნარკვევი
653 _aნიკოლოზ ბარათაშვილის ეპოქა
942 _cBK
999 _c50009
_d50009